000 01454cam a2200397 4500
001 ABS66133
008 021127n2002 000 0 eng u
035 _a(Sirsi) u120596
245 _aRetail/Leisure supplement
260 _c2002
490 _aProperty Week
_v67(43) November 2002 (LOAN)
520 _aA supplement from Property Week looking at different aspects of the retail and leisure markets including shopping centres, Lakeside, corporate strategy, retail companies, Scottish, north west and south west England retail including the most northerly shopping centre in Inverness, Birmingham's new Bullring shopping centre, leisure parks in Glasgow, fitness clubs sport and the outlook for leisure.
590 _aABS
650 _aPROPERTY-COMMERCIAL PROPERTY-RETAIL PROPERTY-RETAIL PROPERTY MARKET
650 _aLEISURE MARKET
650 _aLAKESIDE SHOPPING CENTRE
650 _aSHOPPING CENTRES
650 _aRETAIL COMPANIES
650 _aCORPORATE STRATEGY
650 _aSCOTLAND
650 _aINVERNESS
650 _aGLASGOW
650 _aEDINBURGH
650 _aBIRMINGHAM
650 _aMANCHESTER
650 _aLIVERPOOL
650 _aMIDLANDS
650 _aNORTHWEST ENGLAND
650 _aSOUTHWEST ENGLAND
650 _aLEISURE PARKS
650 _aHEALTH CLUBS
650 _aSPORT
650 _aGOLF DEVELOPMENT
690 _aPROPERTY-COMMERCIAL PROPERTY-COMMERCIAL PROPERTY MARKET
942 _n0
999 _c71652
_d71652